00534nam a2200181 a 45000010010000000030011000100080041000210350026000620820016000881000018001042450032001222600043001546500018001979420012002159520090002279980020003179990015003370000-9179ELIB.Books110520 0000  a(ELIB.Books)0000-9331 a222.1 bRed aRedpath, Alay aVictorious Christian Living bChicago: Fleming H. Revell Company c0 aOld Testament 2ddccBK 00102ddc4070aKBTSbKBTSd2011-05-20l0p1429r2022-01-22 00:00:00w2022-01-22yBK cbate2011-05-20 c9179d9179